000 00649 a2200229 4500
001 23176
003 TR-AnTOB
005 20250930102511.0
008 050114s1951 tu tur
040 _aTR-AnTOB
_beng
_cTR-AnTOB
041 _atur
050 0 _aPL248
_b.T87 1969 TÜRk
090 _aPL248
_b.T87 1969 TÜRk
245 0 _aTürk dili :dil ve edebiyat dergisi Türk kısa oyunları özel sayısı
264 1 _aAnkara :
_bTürk Dil Kurumu,
_c1969
300 _a(297-619)s. ;
_c24cm.
500 _aTürk dili aylık dil ve edebiyat dergisi cilt XX, sayı 214
650 _aTürk oyunları
_916753
902 _a0011135
942 _cBK
_2lcc
999 _c23176
_d9809